<?xml version="1.0" encoding="UTF-8"?>
<record
    xmlns:xsi="http://www.w3.org/2001/XMLSchema-instance"
    xsi:schemaLocation="http://www.loc.gov/MARC21/slim http://www.loc.gov/standards/marcxml/schema/MARC21slim.xsd"
    xmlns="http://www.loc.gov/MARC21/slim">

  <leader>01697nam a2200241 a 4500</leader>
  <controlfield tag="001">000024611</controlfield>
  <controlfield tag="005">20200930023251.0</controlfield>
  <controlfield tag="008">110127s2002    sp a    r     000 | spa d</controlfield>
  <datafield tag="020" ind1=" " ind2=" ">
    <subfield code="a">8400080610</subfield>
  </datafield>
  <datafield tag="040" ind1=" " ind2=" ">
    <subfield code="a">DO-SdBNP</subfield>
    <subfield code="b">spa</subfield>
    <subfield code="c">BNPHU</subfield>
  </datafield>
  <datafield tag="082" ind1=" " ind2=" ">
    <subfield code="a">809</subfield>
    <subfield code="b">E77c</subfield>
  </datafield>
  <datafield tag="245" ind1="0" ind2="0">
    <subfield code="a">Espacios de la comunicaci&#xF3;n literaria /</subfield>
    <subfield code="c">Joaqu&#xED;n &#xC1;lvarez Barrientos, ed.</subfield>
  </datafield>
  <datafield tag="260" ind1=" " ind2=" ">
    <subfield code="a">Madrid, (Espa&#xF1;a) :</subfield>
    <subfield code="b">Consejo Superior de Investigaciones Cient&#xED;ficas,</subfield>
    <subfield code="c">2002.</subfield>
  </datafield>
  <datafield tag="300" ind1=" " ind2=" ">
    <subfield code="a">228 p. :</subfield>
    <subfield code="b">il. ;</subfield>
    <subfield code="c">18 cm.</subfield>
  </datafield>
  <datafield tag="490" ind1="1" ind2=" ">
    <subfield code="a">Anejos de Revista de Literatura</subfield>
    <subfield code="v">55</subfield>
  </datafield>
  <datafield tag="505" ind1="0" ind2=" ">
    <subfield code="t">Presentaci&#xF3;n /</subfield>
    <subfield code="r">Joaqu&#xED;n &#xC1;lvarez Barrientos</subfield>
    <subfield code="t">Globalizaci&#xF3;n y folklore. Nuevo espacios de comunicaci&#xF3;n en la cultura popular /</subfield>
    <subfield code="r">Luis D&#xED;az Viana</subfield>
    <subfield code="t">La fiesta como espacio literario /</subfield>
    <subfield code="r">Javier Port&#xFA;s</subfield>
    <subfield code="t">La calle como teatro: las representaciones en la sierra de Francia (Salamanca), siglos xvi a xx /</subfield>
    <subfield code="r">Antonio Cea Guti&#xE9;rrez</subfield>
    <subfield code="t">El libro: la colecci&#xF3;n de poetas castellanos (1786-1798) /</subfield>
    <subfield code="r">Jos&#xE9; Checa Beltr&#xE1;n</subfield>
    <subfield code="t">Sociabilidad literaria: tertulias y caf&#xE9;s en el siglo xviii /</subfield>
    <subfield code="r">Joaqu&#xED;n &#xC1;lvarez Barrientos</subfield>
    <subfield code="t">Salones y teatros de sociedad en el siglo xix /</subfield>
    <subfield code="r">Ana Ma. Freire</subfield>
    <subfield code="t">Escenario privados: el teatro ventura /</subfield>
    <subfield code="r">Ma. Del Carmen Men&#xE9;ndez Onrubia</subfield>
    <subfield code="t">El espacio de la intimidad. Juan Valera, el escritor en cartas /</subfield>
    <subfield code="r">Leonardo Romero Tobar</subfield>
    <subfield code="t">El espacio imaginario en la comunicaci&#xF3;n dram&#xE1;tica /</subfield>
    <subfield code="r">Cecilia Garc&#xED;a-Ant&#xF3;n</subfield>
  </datafield>
  <datafield tag="650" ind1=" " ind2="4">
    <subfield code="a">Literatura espa&#xF1;ola</subfield>
    <subfield code="x">Historia y cr&#xED;tica</subfield>
    <subfield code="x">Literatura y sociedad</subfield>
    <subfield code="9">50466</subfield>
  </datafield>
  <datafield tag="650" ind1=" " ind2="4">
    <subfield code="a">Filosof&#xED;a de la literatura espa&#xF1;ola</subfield>
    <subfield code="9">50467</subfield>
  </datafield>
  <datafield tag="700" ind1="1" ind2=" ">
    <subfield code="a">&#xC1;lvarez Barrientos, Joaqu&#xED;n,</subfield>
    <subfield code="e">ed.</subfield>
    <subfield code="9">50468</subfield>
  </datafield>
  <datafield tag="710" ind1="2" ind2=" ">
    <subfield code="a">Instituto de la Lengua Espa&#xF1;ola</subfield>
    <subfield code="9">50469</subfield>
  </datafield>
  <datafield tag="830" ind1=" " ind2="0">
    <subfield code="a">Anejos de Revista de Literatura;</subfield>
    <subfield code="v">55</subfield>
    <subfield code="9">15426</subfield>
  </datafield>
  <datafield tag="049" ind1=" " ind2=" ">
    <subfield code="a">BNGR</subfield>
  </datafield>
  <datafield tag="952" ind1=" " ind2=" ">
    <subfield code="0">0</subfield>
    <subfield code="1">0</subfield>
    <subfield code="5">4</subfield>
    <subfield code="7">0</subfield>
    <subfield code="8">MO</subfield>
    <subfield code="a">GR</subfield>
    <subfield code="b">GR</subfield>
    <subfield code="c">CT</subfield>
    <subfield code="d">2011-02-01</subfield>
    <subfield code="i">LF1</subfield>
    <subfield code="l">0</subfield>
    <subfield code="o">809 E77c</subfield>
    <subfield code="p">24611-10</subfield>
    <subfield code="r">2020-06-25</subfield>
    <subfield code="w">2020-06-25</subfield>
    <subfield code="y">4</subfield>
    <subfield code="Z">Pr&#xE9;stamo en sala</subfield>
  </datafield>
  <datafield tag="999" ind1=" " ind2=" ">
    <subfield code="c">24104</subfield>
    <subfield code="d">24104</subfield>
  </datafield>
</record>
